| 000 | 00507nam a22001937a 4500 | ||
|---|---|---|---|
| 003 | MPLRDC | ||
| 005 | 20220104185426.0 | ||
| 008 | 210129b ||||| |||| 00| 0 eng d | ||
| 020 | _a983-3738-75-5 | ||
| 082 | _a859.6 YW v.1 | ||
| 100 | _a雨文 | ||
| 245 |
_a天使与主人 _c |
||
| 250 | _a一版二刷 | ||
| 260 |
_a马来西亚 _b红蜻蜓出版有限公司 ODONATA PUBLISHING SDN BHD _c2009 |
||
| 300 | _b平 | ||
| 490 | _a雨文作品. 01 | ||
| 650 | _a儿童文学 | ||
| 942 |
_cBK _o859.6 YW v.1 |
||
| 999 |
_c63320 _d63310 |
||